Gender, sex and sexuality : contemporary psychological perspectives
Αποθηκεύτηκε σε:
| Κύριος συγγραφέας: | |
|---|---|
| Μορφή: | Βιβλίο |
| Γλώσσα: | English |
| Δημοσίευση: |
London :
Taylor and Francis,
1994
|
| Σειρά: | Contemporary psychology series (London, England)
; 9 |
| Θέματα: | |
| Ετικέτες: |
Προσθήκη ετικέτας
Δεν υπάρχουν, Καταχωρήστε ετικέτα πρώτοι!
|
MARC
| LEADER | 00000nam a2200000 i 4500 | ||
|---|---|---|---|
| 001 | 1/78586 | ||
| 008 | 980206s1994 eng d | ||
| 020 | |a 0-7484-0186-5 | ||
| 035 | |a 1997 |b 3 |c Αγορά/Βιτσιλάκη |l 10032963 | ||
| 040 | |a GR-MY-UA |b gre |e aacr | ||
| 041 | 0 | |a eng | |
| 082 | 0 | |a 155.3 | |
| 100 | 1 | |a Siann, Gerda. | |
| 245 | 1 | 0 | |a Gender, sex and sexuality : |b contemporary psychological perspectives / |c Gerda Siann |
| 260 | |a London : |b Taylor and Francis, |c 1994 | ||
| 300 | |a 200 p. | ||
| 490 | 1 | |a Contemporary psychology series |v ; 9 | |
| 650 | 0 | 0 | |a Sex (Psychology) |
| 650 | 0 | 0 | |a Sex differences (Psychology) |
| 650 | 0 | 0 | |a Gender identity. |
| 830 | 0 | |a Contemporary psychology series (London, England) |v ; 9 | |
| 852 | |a INST |b RHODES |e 19980206 |h 155.3 SIA |p 005400011308 |q 005400011308 |t BK |y 0 | ||
| 901 | |a BIBL-1998-1 | ||
| 909 | |a Ρ |b 052734 |c 1997 | ||